[Event "38. MIEDZYNARODOWY MEMORIAL LUDWIKA ZAMENHOFA 2019 - OPEN A"]
[Site "Bialystok"]
[Date "1899-12-30"]
[Round "4.15"]
[White "Zaura, Vidmantas"]
[Black "Vardanyan, Aras"]
[Result "0-1"]
[WhiteTitle "k"]
[BlackTitle "k"]
[WhiteElo "2141"]
[BlackElo "2026"]

1. Nf3 Nf6 2. g3 c5 3. c4 Nc6 4. Nc3 g6 5. Bg2 Bg7 6. d4 O-O 7. O-O d6 8. dxc5
dxc5 9. Be3 Qa5 10. Qb3 Bf5 11. Qxb7 Nb4 12. Qxe7 Nc2 13. Rac1 Nxe3 14. Qxe3 Rab8
15. Nh4 Be6 16. b3 Rfd8 17. Na4 Rb4 18. Rfd1 Rc8 19. Nc3 Rbb8 20. h3 Nh5 21. Nf3
Re8 22. Qd2 Qa6 23. e4 Qc8 24. Kh2 Rb7 25. Nd5 Nf6 26. Qf4 Nd7 27. Rc2 h6 28.
h4 Kh8 29. Re2 a5 30. Bh3 a4 31. bxa4 Bxh3 32. Kxh3 Ne5+ 33. Kg2 Nxc4 34. e5 Nb2
35. Rdd2 Qc6 36. Nf6 Reb8 37. Rd6 Qc7 38. a3 c4 39. Rd7 Qc6 40. Rd6 Qxa4 41. Qd2
Nd3 42. Rxd3 cxd3 43. Qxd3 Rb3 44. Qd5 Qa6 45. Nd4 Rd3 46. Qxf7 Rxd4 47. Qxg6
Qb7+ 48. Kh2 Bxf6 49. exf6 Rg8 50. Re8 Rxh4+ 51. gxh4 Qc7+ 52. Kg1 0-1

[Event "38. MIEDZYNARODOWY MEMORIAL LUDWIKA ZAMENHOFA 2019 - OPEN A"]
[Site "Bialystok"]
[Date "1899-12-30"]
[Round "4.16"]
[White "Kaczmarek, Arkadiusz"]
[Black "Bialiauski, Artsiom"]
[Result "1/2-1/2"]
[WhiteTitle "I++"]
[BlackTitle "I"]
[WhiteElo "2088"]
[BlackElo "1944"]

1. d4 Nf6 2. c4 e6 3. Nf3 b6 4. g3 Bb7 5. Bg2 Bb4+ 6. Nbd2 O-O 7. O-O c5 8. a3
Bxd2 9. Qxd2 Qe7 10. b4 cxd4 11. Qxd4 d6 12. Bg5 e5 13. Qh4 Nbd7 14. Rfd1 Rfd8
15. Ne1 Bxg2 16. Nxg2 h6 17. Bxf6 Nxf6 18. Ne3 Rac8 19. Rd3 Kh7 20. Rad1 Qe6 21.
g4 g6 22. h3 Kg7 23. Qg3 Qe7 24. Kh2 Kh7 25. Qh4 Qe6 26. Nd5 Kg7 27. Qxf6+ Qxf6
28. Nxf6 Kxf6 29. Rxd6+ Rxd6 30. Rxd6+ Ke7 31. c5 bxc5 32. bxc5 Rxc5 33. Ra6 Rc2
34. Rxa7+ Kf6 35. Kg3 Rxe2 36. Ra6+ Kg7 37. h4 Rc2 38. a4 Rc3+ 39. Kg2 h5 40.
g5 Rc4 41. Kg3 Rc3+ 42. Kg2 Rc4 43. Kg3 Rc3+ 44. Kg2 Rc4 45. Kg3 Rc3+ 1/2-1/2

[Event "38. MIEDZYNARODOWY MEMORIAL LUDWIKA ZAMENHOFA 2019 - OPEN A"]
[Site "Bialystok"]
[Date "1899-12-30"]
[Round "4.17"]
[White "Budrewicz, Krzysztof"]
[Black "Kiolbasa, Oliwia"]
[Result "1/2-1/2"]
[WhiteTitle "m"]
[BlackTitle "WIM"]
[WhiteElo "2275"]
[BlackElo "2208"]

1. d4 Nf6 2. c4 e6 3. Nf3 Bb4+ 4. Nbd2 O-O 5. a3 Be7 6. g3 b6 7. Bg2 Bb7 8. O-O
c5 9. b3 cxd4 10. Bb2 Qc7 11. Nxd4 Bxg2 12. Kxg2 Qb7+ 13. f3 d5 14. e3 Rd8 15.
Qe2 Nc6 16. Nxc6 1/2-1/2

[Event "38. MIEDZYNARODOWY MEMORIAL LUDWIKA ZAMENHOFA 2019 - OPEN A"]
[Site "Bialystok"]
[Date "1899-12-30"]
[Round "4.19"]
[White "Pietruszewski, Marcin"]
[Black "Zgadzaj, Rafal"]
[Result "1-0"]
[WhiteTitle "m"]
[BlackTitle "k"]
[WhiteElo "2213"]
[BlackElo "2092"]

1. e4 c5 2. Nf3 d6 3. d4 cxd4 4. Nxd4 Nf6 5. Nc3 g6 6. Be3 Bg7 7. f3 O-O 8. Qd2
Nc6 9. O-O-O Bd7 10. g4 Rc8 11. h4 Ne5 12. Kb1 Qa5 13. Be2 h5 14. gxh5 Nxh5 15.
Nd5 Qd8 16. Bg5 Re8 17. b3 Nc6 18. Nb5 f6 19. Be3 b6 20. Rhg1 Kh7 21. f4 Rg8 22.
f5 Be8 23. fxg6+ Bxg6 24. Rxg6 Kxg6 25. Bxh5+ Kh7 26. Bf7 Rf8 27. Be6 Rb8 28.
Qe2 Qe8 29. Nbc7 1-0

[Event "38. MIEDZYNARODOWY MEMORIAL LUDWIKA ZAMENHOFA 2019 - OPEN A"]
[Site "Bialystok"]
[Date "1899-12-30"]
[Round "5.1"]
[White "Kanarek, Marcel"]
[Black "Heberla, Bartlomiej"]
[Result "1/2-1/2"]
[WhiteTitle "GM"]
[BlackTitle "GM"]
[WhiteElo "2478"]
[BlackElo "2565"]

1. e4 e5 2. Nf3 Nc6 3. Bb5 a6 4. Ba4 Nf6 5. d3 b5 6. Bb3 Bc5 7. Nc3 h6 8. Nd5 d6
9. a3 Rb8 10. c3 O-O 11. h3 Nxd5 12. Bxd5 Ne7 13. Ba2 Ng6 14. Be3 Qf6 15. Qd2
Bb6 16. h4 Be6 17. h5 Ne7 18. Bxb6 Rxb6 19. Bxe6 Qxe6 20. Nh4 d5 21. Qe2 Rd8 22.
O-O Rbd6 23. Rfe1 Qf6 24. Nf3 Nc6 25. a4 Qf4 26. axb5 axb5 27. exd5 Rxd5 28. Qe4
Qxe4 29. dxe4 R5d6 30. Kf1 Kf8 31. Ra6 Ke7 32. Rea1 Kf6 33. Ke2 b4 34. Ra8 bxc3
35. bxc3 R8d7 36. R1a4 Rd8 37. Rxd8 Rxd8 38. Rc4 Rd6 39. Rc5 g6 40. g3 gxh5 41.
Nh4 Re6 42. Nf5 Ne7 43. Rxc7 Nxf5 44. exf5 Ra6 45. c4 Kxf5 46. Rxf7+ Ke4 47. c5
Ra2+ 48. Kf1 Rc2 49. Kg2 Rxc5 50. Rf6 h4 51. gxh4 h5 52. f3+ Ke3 53. Rf5 Rc8 54.
Kg3 e4 55. fxe4 Kxe4 56. Rxh5 Rg8+ 57. Kh3 Kf4 58. Ra5 Rg3+ 59. Kh2 Rg4 60. h5
Rh4+ 61. Kg2 Kg4 62. Ra4+ Kxh5 63. Rxh4+ Kxh4 1/2-1/2

[Event "38. MIEDZYNARODOWY MEMORIAL LUDWIKA ZAMENHOFA 2019 - OPEN A"]
[Site "Bialystok"]
[Date "1899-12-30"]
[Round "5.2"]
[White "Chojnacki, Krzysztof"]
[Black "Markowski, Tomasz"]
[Result "0-1"]
[WhiteTitle "IM"]
[BlackTitle "GM"]
[WhiteElo "2375"]
[BlackElo "2546"]

1. d4 Nf6 2. c4 e6 3. Nc3 Bb4 4. f3 c5 5. d5 exd5 6. cxd5 d6 7. e4 O-O 8. Bd3 Nbd7
9. Nge2 Ne5 10. Bc2 Bd7 11. O-O Ba5 12. f4 Ng6 13. Qd3 Re8 14. f5 Ne5 15. Qg3
Qe7 16. Bg5 b5 17. Nf4 Bd8 18. Ne6 fxe6 19. fxe6 Rf8 20. exd7 Qxd7 21. Ne2 Qg4
22. Qxg4 Nfxg4 23. Rxf8+ Kxf8 24. Rf1+ Kg8 25. Bf4 Bb6 26. h3 c4+ 27. Kh1 Ne3
28. Bxe3 Bxe3 29. g3 b4 30. Nf4 a5 31. Ba4 Rf8 32. Kg2 Bd4 33. Ne2 Bxb2 34. Rb1
Nd3 35. Nf4 Nc5 36. Bc2 Bd4 37. h4 Kf7 0-1

[Event "38. MIEDZYNARODOWY MEMORIAL LUDWIKA ZAMENHOFA 2019 - OPEN A"]
[Site "Bialystok"]
[Date "1899-12-30"]
[Round "5.3"]
[White "Teclaf, Pawel"]
[Black "Kosakowski, Jakub"]
[Result "1/2-1/2"]
[WhiteTitle "IM"]
[BlackTitle "FM"]
[WhiteElo "2426"]
[BlackElo "2403"]

1. e4 c5 2. Nf3 Nc6 3. d4 cxd4 4. Nxd4 Nf6 5. Nc3 e5 6. Ndb5 d6 7. Nd5 Nxd5 8.
exd5 Nb8 9. a4 Be7 10. Be2 O-O 11. O-O Nd7 12. b4 a6 13. Na3 a5 14. c3 f5 15.
Nc4 b6 16. f4 Qc7 17. Be3 Ba6 18. Qb3 exf4 19. Bxf4 Rfc8 20. b5 Bb7 21. Ne3 Rf8
22. Qc2 g6 23. Rad1 Rae8 24. Bh6 Rf7 25. Nxf5 Rxf5 26. Rxf5 gxf5 27. Bh5 Rf8 28.
Bxf8 Bxf8 29. Qxf5 Ne5 30. Rf1 1/2-1/2

[Event "38. MIEDZYNARODOWY MEMORIAL LUDWIKA ZAMENHOFA 2019 - OPEN A"]
[Site "Bialystok"]
[Date "1899-12-30"]
[Round "5.4"]
[White "Sieciechowicz, Marcin"]
[Black "Cukrowski, Filip"]
[Result "1/2-1/2"]
[WhiteTitle "IM"]
[BlackTitle "FM"]
[WhiteElo "2366"]
[BlackElo "2419"]

1. d4 Nf6 2. c4 g6 3. Nc3 Bg7 4. e4 O-O 5. Nf3 d6 6. Be2 e5 7. O-O exd4 8. Nxd4
Nbd7 9. f3 Nc5 10. Be3 a5 11. Qd2 Re8 12. Rad1 Bd7 13. Rfe1 Ne6 14. Bf1 Qe7 15.
Qf2 Rad8 16. Nf5 gxf5 17. exf5 Nc5 18. Bxc5 Qf8 19. Bd4 Bxf5 20. Bxf6 Bxf6 21.
Nd5 Qg7 22. Rxe8+ Rxe8 23. Nxc7 Rc8 24. Nd5 Bd8 25. Re1 Be6 26. b3 Kf8 27. Qe3
Bh4 28. Rd1 Bd8 29. Nf4 Qe5 30. Nxe6+ fxe6 31. Qd3 Bb6+ 32. Kh1 Qe3 33. Qxe3 Bxe3
34. Rxd6 Ke7 35. Rd1 Rd8 36. Bd3 h5 37. g3 h4 38. f4 hxg3 39. hxg3 Rg8 40. Be4
Rxg3 41. Bxb7 Bxf4 42. Rf1 Bd6 43. Rf3 Rxf3 44. Bxf3 1/2-1/2

[Event "38. MIEDZYNARODOWY MEMORIAL LUDWIKA ZAMENHOFA 2019 - OPEN A"]
[Site "Bialystok"]
[Date "1899-12-30"]
[Round "5.5"]
[White "Jakubowski, Krzysztof"]
[Black "Baum, Jonasz"]
[Result "0-1"]
[WhiteTitle "GM"]
[BlackTitle "FM"]
[WhiteElo "2503"]
[BlackElo "2340"]

1. e4 c6 2. Nf3 d5 3. d3 g6 4. Nbd2 Bg7 5. c3 Bg4 6. Be2 Nd7 7. O-O Qc7 8. h3 Bxf3
9. Nxf3 Ngf6 10. Qc2 O-O 11. Re1 Rad8 12. Bf1 e5 13. Be3 Rfe8 14. Rad1 c5 15.
exd5 Nxd5 16. Bg5 Bf6 17. Bc1 b5 18. Qb3 Qc6 19. Nd2 N7b6 20. g3 a5 21. Ne4 Bg7
22. a3 a4 23. Qc2 f5 24. Nd2 Nf6 25. Re2 Qd6 26. Ree1 Kh8 27. Nf3 Qc7 28. Be3
Nbd5 29. Bd2 Nb6 30. Qc1 c4 31. Bg5 e4 32. dxe4 Rxd1 33. Rxd1 Nxe4 34. Bf4 Qc5
35. Be3 Qc7 36. Nd4 Bxd4 37. Rxd4 Nd7 38. Rd5 Kg8 39. Rxb5 Nxg3 40. Qd1 Nxf1 41.
Qd5+ Kg7 42. Kxf1 Nf6 43. Bd4 Qh2 44. Qf3 Re6 45. Rb7+ Kh6 46. Be3+ g5 47. Rb6
Rxb6 48. Bxb6 Kg6 49. Qc6 Qxh3+ 50. Ke1 Qd3 51. Qxa4 Qb1+ 52. Qd1 Qxb2 53. Bd4
Ne4 54. a4 h5 55. Kf1 h4 56. a5 Qa2 57. Bb6 h3 58. Kg1 g4 59. Qd8 Qa1+ 60. Kh2
g3+ 61. fxg3 Qb2+ 0-1

[Event "38. MIEDZYNARODOWY MEMORIAL LUDWIKA ZAMENHOFA 2019 - OPEN A"]
[Site "Bialystok"]
[Date "1899-12-30"]
[Round "5.6"]
[White "Janik, Igor"]
[Black "Eigminas, Kipras"]
[Result "1-0"]
[WhiteTitle "IM"]
[BlackTitle "k"]
[WhiteElo "2466"]
[BlackElo "2127"]

1. d4 Nf6 2. c4 c5 3. d5 g6 4. Nc3 Bg7 5. Nf3 O-O 6. Bf4 d6 7. h3 Qb6 8. Qb3 Qxb3
9. axb3 Na6 10. e4 Nb4 11. Kd2 Nh5 12. Bh2 Bh6+ 13. Kd1 Nf4 14. Na2 Nxa2 15. Rxa2
f5 16. e5 dxe5 17. Nxe5 Rd8 18. Kc2 e6 19. g3 Nh5 20. Bg2 exd5 21. Bxd5+ Kf8 22.
Ra5 Nf6 23. Rxc5 Nxd5 24. Rxd5 Be6 25. Rxd8+ Rxd8 26. f4 g5 27. fxg5 Bxg5 28.
h4 Bf6 29. Re1 Bc8 30. Nf3 b6 31. Bg1 Kf7 32. Be3 Bb7 33. Nd2 Bd4 34. Bf4 a6 35.
b4 Rd7 36. Re2 Bc6 37. b3 Bb7 38. Bg5 Bc6 39. Bf4 Bb7 40. b5 axb5 41. cxb5 Bd5
42. Nc4 Be4+ 43. Kc1 Ke6 44. Be3 Bxe3+ 45. Rxe3 Rc7 46. Kb2 Rc5 47. Nxb6 Rxb5
48. Nc4 Kd5 49. Kc3 Rb8 50. Re1 Rg8 51. Rd1+ Kc6 52. Ne5+ Kb5 53. Rg1 Rg7 54.
Kd4 Bc2 55. Nc4 Kb4 56. Ne3 Rd7+ 57. Ke5 Re7+ 58. Kf4 Re4+ 59. Kf3 Kxb3 60. Nxf5
Ra4 61. Ne3 Be4+ 62. Kf4 Bd3+ 63. Kg5 Ra5+ 64. Kf6 Kc3 65. g4 Ra6+ 66. Ke5 Ra5+
67. Kf4 Ra4+ 68. Kg5 Kd4 69. Re1 Ke5 70. Nc4+ Kd4 71. Ne3 Ke5 72. Nf5+ Re4 73.
Ra1 Be2 74. Nh6 Ke6 75. Ra7 Re5+ 76. Nf5 Re4 77. Re7+ Kd5 78. Rxe4 Kxe4 79. Ng3+
Kf3 80. Nxe2 1-0

[Event "38. MIEDZYNARODOWY MEMORIAL LUDWIKA ZAMENHOFA 2019 - OPEN A"]
[Site "Bialystok"]
[Date "1899-12-30"]
[Round "5.7"]
[White "Reza, Wojciech"]
[Black "Szostko, Jakub"]
[Result "1/2-1/2"]
[WhiteTitle "FM"]
[BlackTitle "FM"]
[WhiteElo "2308"]
[BlackElo "2217"]

1. e4 e5 2. Nf3 Nc6 3. Bb5 a6 4. Ba4 Nf6 5. O-O Be7 6. Re1 b5 7. Bb3 d6 8. c3 O-O
9. h3 Nb8 10. d4 Nbd7 11. Nbd2 Bb7 12. Bc2 Re8 13. Nf1 Bf8 14. Ng3 g6 15. a4 c5
16. d5 c4 17. Bg5 Nc5 18. Qd2 Be7 19. Qd1 1/2-1/2

[Event "38. MIEDZYNARODOWY MEMORIAL LUDWIKA ZAMENHOFA 2019 - OPEN A"]
[Site "Bialystok"]
[Date "1899-12-30"]
[Round "5.8"]
[White "Vardanyan, Aras"]
[Black "Leniart, Arkadiusz"]
[Result "0-1"]
[WhiteTitle "k"]
[BlackTitle "IM"]
[WhiteElo "2026"]
[BlackElo "2508"]

1. d4 Nf6 2. c4 e6 3. Nf3 c5 4. d5 b5 5. dxe6 fxe6 6. cxb5 d5 7. Nc3 Bb7 8. e4
d4 9. e5 Ng4 10. Ng5 Nxe5 11. f4 h6 12. fxe5 hxg5 13. Bd3 Qc7 14. Bg6+ Kd7 15.
Ne4 Qxe5 16. Qe2 Rh6 17. b4 cxb4 18. Bb2 Rxg6 19. Rd1 Bd6 20. Rxd4 Bd5 21. Rf1
Ke7 22. Rf3 Nd7 23. Rxd5 Qxd5 24. Rd3 Qxb5 25. Nxd6 Qc5 26. Qe4 Rf8 27. Bd4 Qc1+
28. Ke2 Qc2+ 29. Ke1 Qc1+ 30. Ke2 Qf1+ 31. Kd2 Qf4+ 32. Be3 Qxe4 33. Nxe4 Rf5
34. Kc2 a5 0-1

[Event "38. MIEDZYNARODOWY MEMORIAL LUDWIKA ZAMENHOFA 2019 - OPEN A"]
[Site "Bialystok"]
[Date "1899-12-30"]
[Round "5.9"]
[White "Tihonov, Jurij"]
[Black "Marcinczyk, Monika"]
[Result "0-1"]
[WhiteTitle "GM"]
[BlackTitle "WCM"]
[WhiteElo "2394"]
[BlackElo "2010"]

1. c4 e6 2. Nc3 d5 3. d4 a6 4. e3 Nf6 5. Nf3 Be7 6. a3 dxc4 7. Bxc4 b5 8. Ba2 c5
9. O-O Bb7 10. Qe2 Nbd7 11. Rd1 Qb6 12. e4 cxd4 13. Nxd4 Ne5 14. Bf4 Nfd7 15.
Be3 Bc5 16. b4 Bxd4 17. Bxd4 Qc7 18. a4 Nc6 19. Nd5 Qb8 20. Bxg7 Rg8 21. Bc3 Rg6
22. Ne3 Qf4 23. Nf5 Nce5 24. Ng3 bxa4 25. Rac1 Bc6 26. Be1 Bb5 27. Qd2 Qh4 28.
Rc7 Rh6 29. h3 Qf6 30. Qe3 Rd8 31. Bc3 Qh4 32. f4 Nc6 33. Nf5 exf5 34. exf5+ Ne7
35. Re1 Kf8 36. Qd4 Rf6 37. Bb1 Nc6 38. Qe3 Rd6 39. Kh2 Nf6 40. Qf3 Nd5 41. g3
Qh6 42. Rxc6 Bxc6 43. Be5 R6d7 44. h4 Ne7 45. Qf2 Qh5 46. Bc3 Rd1 47. f6 Rxe1
48. Qxe1 Nd5 49. Qe4 Re8 0-1

[Event "38. MIEDZYNARODOWY MEMORIAL LUDWIKA ZAMENHOFA 2019 - OPEN A"]
[Site "Bialystok"]
[Date "1899-12-30"]
[Round "5.10"]
[White "Karolczuk, Iwo"]
[Black "Godzwon, Iwo"]
[Result "1/2-1/2"]
[WhiteTitle "I++"]
[BlackTitle "FM"]
[WhiteElo "1976"]
[BlackElo "2275"]

1. d4 Nf6 2. Nf3 g6 3. c3 Bg7 4. Bf4 d6 5. h3 Nbd7 6. e3 O-O 7. Be2 b6 8. a4 a5
9. O-O Bb7 10. Nbd2 Qe8 11. Qc2 e5 12. dxe5 dxe5 13. Bh2 Qe7 14. Rfe1 Rfd8 15.
e4 Ne8 16. Bf1 f6 17. Nc4 Bh6 18. Ne3 Bxe3 19. Rxe3 Kg7 20. Nd2 Nc5 21. Nc4 Nd6
22. Nxd6 Rxd6 23. f3 Rad8 24. b4 Rd2 25. Qb1 axb4 26. Qxb4 Rd1 27. Re1 Rxe1 28.
Rxe1 Ra8 29. Bb5 Qd6 30. Bg3 Nxa4 31. Qxd6 cxd6 32. Bxa4 Rxa4 1/2-1/2

[Event "38. MIEDZYNARODOWY MEMORIAL LUDWIKA ZAMENHOFA 2019 - OPEN A"]
[Site "Bialystok"]
[Date "1899-12-30"]
[Round "5.11"]
[White "Flak, Pawel"]
[Black "Pettersson, Alexander"]
[Result "1-0"]
[WhiteTitle "k+"]
[BlackTitle "k"]
[WhiteElo "2180"]
[BlackElo "2016"]

1. d4 Nf6 2. c4 d6 3. Nf3 Nbd7 4. Bf4 g6 5. h3 Bg7 6. Nc3 O-O 7. Qd2 Re8 8. Bh6
Bh8 9. e4 c5 10. Be2 cxd4 11. Nxd4 Nc5 12. f3 Ne6 13. Ncb5 Nxd4 14. Nxd4 Bd7 15.
g4 a6 16. h4 Qc7 17. h5 e6 18. hxg6 fxg6 19. Rd1 Rad8 20. Kf1 Bc6 21. Nxc6 Qxc6
22. Kg2 Rd7 23. b3 Red8 24. Kh3 d5 25. cxd5 exd5 26. e5 Nxg4 27. fxg4 Bxe5 28.
Bf3 Kh8 29. Rhf1 Qe6 30. Bxd5 Qe7 31. Bg5 Rxd5 32. Qxd5 1-0

[Event "38. MIEDZYNARODOWY MEMORIAL LUDWIKA ZAMENHOFA 2019 - OPEN A"]
[Site "Bialystok"]
[Date "1899-12-30"]
[Round "5.12"]
[White "Strybuk, Artsiom I"]
[Black "Luberanski, Jakub"]
[Result "1/2-1/2"]
[WhiteTitle "FM"]
[BlackTitle "I++"]
[WhiteElo "2166"]
[BlackElo "1963"]

1. d4 Nf6 2. c4 e6 3. g3 Bb4+ 4. Bd2 c5 5. Bxb4 cxb4 6. Bg2 a5 7. e4 d6 8. Ne2
O-O 9. O-O e5 10. Nd2 Re8 11. c5 exd4 12. cxd6 Qxd6 13. Nc4 Qa6 14. e5 Qxc4 15.
Rc1 Qe6 16. exf6 Qxf6 17. Nxd4 Rd8 18. Re1 Nc6 19. Qe2 Bg4 20. Qxg4 Rxd4 21. Qe2
g6 22. Qb5 Rd2 23. Rf1 Nd4 24. Qxb7 Ne2+ 25. Kh1 Rad8 26. Rc8 Qxb2 27. Rxd8+ Rxd8
28. Qc7 Rd2 29. Qxa5 Nc3 30. Re1 Nxa2 31. h4 Kg7 32. Re8 Re2 33. Rb8 Qd4 34. Qa8
Qxf2 35. Rg8+ Kh6 36. Rh8 b3 37. Qd5 f5 38. Qb7 Qe1+ 39. Kh2 Re7 40. Qxb3 f4 41.
gxf4 Re3 42. Rxh7+ Kxh7 43. Qf7+ Kh6 44. Qf8+ Kh5 45. Qc5+ Kh6 46. Qf8+ Kh5 47.
Qc5+ Kh6 48. Qf8+ Kh5 1/2-1/2

[Event "38. MIEDZYNARODOWY MEMORIAL LUDWIKA ZAMENHOFA 2019 - OPEN A"]
[Site "Bialystok"]
[Date "1899-12-30"]
[Round "5.13"]
[White "Salna, Aleksandras"]
[Black "Szydlo, Michal"]
[Result "1-0"]
[WhiteTitle "k"]
[BlackTitle "I+"]
[WhiteElo "2020"]
[BlackElo "1957"]

1. d4 Nf6 2. c4 g6 3. Nc3 Bg7 4. e4 d6 5. Nf3 O-O 6. Be2 e5 7. O-O Nc6 8. d5 Ne7
9. b4 a5 10. bxa5 c5 11. dxc6 bxc6 12. c5 d5 13. exd5 e4 14. d6 Ned5 15. Nxd5
Nxd5 16. Bg5 Qxa5 17. Nd2 Nc3 18. Qe1 Be6 19. Be7 Rfb8 20. d7 Bxd7 21. Bc4 Nd5
22. Bg5 Be6 23. Nxe4 h6 24. Bd2 Qa4 25. Rc1 Bb2 26. Bb3 Qd4 27. Rc4 Qg7 28. Ra4
Rxa4 29. Bxa4 Qd4 30. Bb3 Bf5 31. Bc2 Re8 32. Be3 Nxe3 33. fxe3 Qe5 34. Nd6 Qxe3+
35. Qxe3 Rxe3 36. Bxf5 gxf5 37. Nxf5 Re5 38. Nxh6+ Kh7 39. Nxf7 Bd4+ 40. Kh1 Rxc5
41. h4 Rc2 42. Kh2 Rxa2 43. Kh3 c5 44. Ng5+ Kg6 45. Ne6 Be3 46. Rf3 Bg1 47. g4
Ra6 48. h5+ Kh7 49. Nf4 c4 50. g5 Bd4 51. Ne2 Bg7 52. Kg4 Ra5 53. Rf7 Kg8 54.
Rc7 Ra2 55. Nf4 c3 56. g6 Be5 57. Rc5 Bd6 58. Rxc3 Ra4 59. Rf3 Kg7 60. Rf1 Kf6
61. h6 Rxf4+ 62. Rxf4+ Kxg6 63. Rc4 Ba3 64. Rc6+ Kh7 65. Kh5 Bb2 66. Rc7+ Kg8
67. Kg6 1-0

[Event "38. MIEDZYNARODOWY MEMORIAL LUDWIKA ZAMENHOFA 2019 - OPEN A"]
[Site "Bialystok"]
[Date "1899-12-30"]
[Round "5.14"]
[White "Kirilin, Dmitrij"]
[Black "Pietruszewski, Marcin"]
[Result "1/2-1/2"]
[WhiteTitle "k"]
[BlackTitle "m"]
[WhiteElo "2015"]
[BlackElo "2213"]

1. Nf3 c5 2. c4 g6 3. d4 cxd4 4. Nxd4 Bg7 5. e4 Nc6 6. Be3 Qb6 7. Nb5 Qa5+ 8. N1c3
Nf6 9. f3 O-O 10. Qd2 a6 11. Nd4 Nxd4 12. Bxd4 d6 13. a3 Be6 14. b4 Qc7 15. Nd5
Bxd5 16. cxd5 Rfc8 17. Bd3 Nd7 18. Bxg7 Kxg7 19. Ke2 Ne5 20. Rhc1 Qd7 21. Rxc8
Rxc8 22. Rc1 Rc7 23. Rxc7 Qxc7 24. f4 1/2-1/2

[Event "38. MIEDZYNARODOWY MEMORIAL LUDWIKA ZAMENHOFA 2019 - OPEN A"]
[Site "Bialystok"]
[Date "1899-12-30"]
[Round "5.15"]
[White "Bialiauski, Artsiom"]
[Black "Walkusz, Witoslaw"]
[Result "0-1"]
[WhiteTitle "I"]
[BlackTitle "FM"]
[WhiteElo "1944"]
[BlackElo "2089"]

1. d4 f5 2. Nf3 g6 3. c4 Bg7 4. Nc3 Nf6 5. g3 O-O 6. Bg2 d6 7. O-O Qe8 8. d5 Na6
9. Be3 Bd7 10. h3 c5 11. a4 Nc7 12. Nb5 Qc8 13. Nxc7 Qxc7 14. Ng5 Rab8 15. Ne6
Bxe6 16. dxe6 Qc8 17. Bd5 Nxd5 18. cxd5 Bxb2 19. Rb1 Bg7 20. Qc2 b6 21. Qc4 Qb7
22. Rb3 a6 23. Rfb1 Qa7 24. Kh2 h6 25. Kg2 Rb7 26. Kg1 Rfb8 27. Kh2 Kh7 28. Qd3
Qa8 29. Kg1 b5 30. axb5 Rxb5 31. Rxb5 axb5 32. Rxb5 Rxb5 33. Qxb5 Qxd5 34. Qd7
Bf6 35. Qc8 g5 36. h4 f4 37. gxf4 gxh4 38. Kh2 Qf5 39. Qe8 Qxe6 40. Qh5 Qg8 41.
Qf3 Qg6 42. Qd5 Kg7 43. Qe6 h5 44. Qd5 Qg4 45. Qd1 h3 46. Qf1 Qg2+ 47. Qxg2+ hxg2
48. Kxg2 Bb2 0-1

[Event "38. MIEDZYNARODOWY MEMORIAL LUDWIKA ZAMENHOFA 2019 - OPEN A"]
[Site "Bialystok"]
[Date "1899-12-30"]
[Round "5.16"]
[White "Paszkowski, Krystian"]
[Black "Kaczmarek, Arkadiusz"]
[Result "1/2-1/2"]
[WhiteTitle "I+"]
[BlackTitle "I++"]
[WhiteElo "1950"]
[BlackElo "2088"]

1. d4 d5 2. Nf3 Nf6 3. c4 c6 4. e3 Bf5 5. Bd3 Bxd3 6. Qxd3 e6 7. O-O Nbd7 8. Nc3
Bb4 9. a3 Bxc3 10. Qxc3 O-O 11. b3 Ne4 12. Qd3 f5 13. Nd2 Qh4 14. f3 Nxd2 15.
Bxd2 Rf6 16. Be1 Qh5 17. Bg3 g5 18. Qd2 Qf7 19. Be5 Rg6 20. f4 gxf4 1/2-1/2

[Event "38. MIEDZYNARODOWY MEMORIAL LUDWIKA ZAMENHOFA 2019 - OPEN A"]
[Site "Bialystok"]
[Date "1899-12-30"]
[Round "5.17"]
[White "Kiolbasa, Oliwia"]
[Black "Klimaszewski, Dariusz"]
[Result "1-0"]
[WhiteTitle "WIM"]
[BlackTitle "CM"]
[WhiteElo "2208"]
[BlackElo "2084"]

1. d4 b5 2. e4 a6 3. Bd3 Bb7 4. Nf3 e6 5. O-O d6 6. Qe2 Be7 7. Rd1 Nd7 8. c3 c5
9. a4 c4 10. Bc2 Qc7 11. Nbd2 e5 12. Nf1 Ngf6 13. Ng3 g6 14. b4 O-O 15. Bh6 Rfe8
16. d5 Ng4 17. Bd2 Bf8 18. Nf1 Bg7 19. h3 Ngf6 20. g4 Nb6 21. a5 Nc8 22. Ng3 Ne7
23. Kh2 Bc8 24. Nh4 Nd7 25. Rg1 Nf8 26. Be3 h6 27. Ngf5 g5 28. Nxg7 Kxg7 29. Nf5+
Bxf5 30. gxf5 Nh7 31. Qd2 Kh8 32. Bd1 Ng8 33. Bf3 Ngf6 34. Kg2 Rg8 35. Kf1 Nd7
36. Ke2 f6 37. Kd1 Rg7 38. Kc2 Kg8 39. Bh5 Kf8 40. Kb2 Ke7 41. Rg4 Rag8 42. Rag1
Kd8 43. R4g3 Kc8 44. Qe2 Qd8 45. Qf1 Qe7 46. R1g2 Nhf8 47. Qg1 Kb7 48. Kc2 Qd8
49. Qd1 Qe7 50. Be2 Qd8 51. Kb2 Qe7 52. Rg1 Qd8 53. Qf1 Qc7 54. Qg2 Nh7 55. Qf3
Qd8 56. Qh5 Nhf8 57. Kc2 Qe7 58. Rb1 Nb8 59. Rgg1 Qf7 60. Qf3 Qc7 61. Bb6 Qc8
62. Be3 Qc7 63. Bb6 Qc8 64. Qh5 Nbd7 65. Be3 Qd8 66. Rg2 Ka8 67. Rgg1 Qe7 68.
Rb2 Nb8 69. Rgb1 Qf7 70. Qxf7 Rxf7 71. Bh5 Re7 72. Be2 Rb7 73. Rg1 Nh7 74. Bh5
Re7 75. Bb6 Kb7 76. Be2 Nd7 77. Be3 Rc8 78. Rbb1 Rg7 79. Rg2 Rcg8 80. Rgg1 Rc8
81. Rh1 Rcg8 82. h4 Nhf8 83. hxg5 hxg5 84. Bg4 Kc7 85. Kd2 Kd8 86. Ke2 Ke7 87.
Kf3 Rh7 88. Rxh7+ Nxh7 89. Rh1 Nhf8 90. Kg3 Kf7 91. Bh5+ Ke7 92. Be2 Kf7 93. Bb6
Nxb6 94. axb6 Nd7 95. Rh7+ Rg7 96. Bh5+ Kg8 97. Rh6 Rh7 98. Be8 Rxh6 99. Bxd7
1-0

[Event "38. MIEDZYNARODOWY MEMORIAL LUDWIKA ZAMENHOFA 2019 - OPEN A"]
[Site "Bialystok"]
[Date "1899-12-30"]
[Round "5.18"]
[White "Jakubowska, Anna"]
[Black "Budrewicz, Krzysztof"]
[Result "0-1"]
[WhiteTitle "WIM"]
[BlackTitle "m"]
[WhiteElo "2129"]
[BlackElo "2275"]

1. e4 c5 2. Nf3 e6 3. d4 cxd4 4. Nxd4 Nf6 5. Nc3 d6 6. Be2 Be7 7. Be3 O-O 8. O-O
a6 9. a4 Qc7 10. f4 Nc6 11. Kh1 Na5 12. Bf3 Rb8 13. g4 Re8 14. g5 Nd7 15. Qe1
Bf8 16. Bg2 Nc4 17. Bc1 g6 18. b3 Bg7 19. Nde2 Na5 20. Bb2 b5 21. axb5 axb5 22.
Qd2 b4 23. Na4 Ba6 24. Bxg7 Kxg7 25. Rfd1 Rec8 26. Ra2 e5 27. f5 Bxe2 28. Qxe2
Nc6 29. f6+ Kg8 30. Bh3 Nd4 31. Qg2 Ra8 32. Bxd7 Qxd7 33. Nb6 Qc6 34. Rxa8 Rxa8
35. Nxa8 Qxa8 36. h4 Kf8 37. Kh2 Ke8 38. h5 gxh5 39. Rd3 Qc6 40. Kg3 Ne6 41. Re3
Nxg5 42. Kh4 Ne6 43. Qg8+ Nf8 44. Kxh5 Qxc2 45. Qg4 Ng6 46. Kh6 Qc1 47. Kg7 h5
48. Qh3 Nf4 49. Qf3 Ne6+ 50. Kh6 h4 51. Kh5 Nf4+ 52. Kh6 Qg1 0-1

[Event "38. MIEDZYNARODOWY MEMORIAL LUDWIKA ZAMENHOFA 2019 - OPEN A"]
[Site "Bialystok"]
[Date "1899-12-30"]
[Round "5.19"]
[White "Kumala, Aleksander"]
[Black "Zaura, Vidmantas"]
[Result "1/2-1/2"]
[WhiteTitle "CM"]
[BlackTitle "k"]
[WhiteElo "2218"]
[BlackElo "2141"]

1. e4 e6 2. d4 d6 3. Bd3 Nd7 4. f4 b6 5. c4 Bb7 6. Nc3 g6 7. Nf3 Bg7 8. O-O Ne7
9. Be3 O-O 10. Qe1 a6 11. Qh4 Nc6 12. Qh3 e5 13. fxe5 dxe5 14. d5 Nd4 15. Bh6
Nxf3+ 16. Rxf3 Nc5 17. Bxg7 Kxg7 18. Bc2 a5 19. Nd1 Qg5 20. Ne3 Bc8 21. Qg3 Qxg3
22. Rxg3 f6 23. Rf3 Bd7 24. g4 h6 25. b3 Rh8 26. Raf1 Raf8 27. h4 h5 28. g5 fxg5
29. hxg5 Rxf3 30. Rxf3 h4 31. Rf2 h3 32. Kh2 Rh5 33. a3 Rxg5 34. d6 c6 35. b4
axb4 36. axb4 Ne6 37. b5 Nf4 38. c5 cxb5 39. cxb6 Rh5 40. Bd1 Rh8 41. Bg4 Rd8
42. b7 Bc6 43. Bc8 Bxb7 44. Bxb7 Rxd6 45. Ng4 Rb6 46. Nxe5 Rxb7 47. Rxf4 b4 48.
Nd3 b3 49. Rf2 Rc7 50. Rb2 Rc3 51. Nb4 g5 52. e5 Kf7 53. Rd2 Ke6 54. Nd3 g4 55.
Kg3 Rc2 56. Rd1 Rg2+ 57. Kh4 Kf5 58. Rf1+ Ke4 59. Nf2+ Kxe5 60. Nxg4+ Rxg4+ 61.
Kxg4 Kd4 62. Kxh3 b2 63. Rb1 Kc3 64. Rxb2 Kxb2 1/2-1/2

[Event "38. MIEDZYNARODOWY MEMORIAL LUDWIKA ZAMENHOFA 2019 - OPEN A"]
[Site "Bialystok"]
[Date "1899-12-30"]
[Round "6.1"]
[White "Baum, Jonasz"]
[Black "Heberla, Bartlomiej"]
[Result "0-1"]
[WhiteTitle "FM"]
[BlackTitle "GM"]
[WhiteElo "2340"]
[BlackElo "2565"]

1. d4 g6 2. Nf3 Bg7 3. c4 c5 4. d5 d6 5. Nc3 Bxc3+ 6. bxc3 f5 7. h4 Nf6 8. Bh6
Qa5 9. Qc2 Nbd7 10. e3 Rg8 11. Bd3 Nb6 12. O-O Qa4 13. Qe2 Bd7 14. Rfb1 O-O-O
15. Rb3 e6 16. Ng5 exd5 17. Nf7 Be6 18. Nxd8 Rxd8 19. cxd5 Bxd5 20. c4 Bxc4 21.
Bg5 Bxb3 22. Bxf6 Bd5 23. Bxd8 Kxd8 24. h5 Nd7 25. Bb5 Qe4 26. f3 Qe5 27. Rd1
Nf6 28. hxg6 hxg6 29. Qd2 Ke7 30. Kf2 b6 31. a4 Qh2 32. a5 Bxf3 33. Qxd6+ Qxd6
34. Rxd6 Ne4+ 35. Kxf3 Nxd6 36. axb6 axb6 37. Bd3 Kf6 38. g4 Ke5 0-1